000 00618nam a2200205 i 4500
001 49759
003 ES-MaACL
005 20230906162047.0
007 t|
008 030723s1956 sp ||||1| spa d
100 1 _aCourtois, Gaston.
_9182280
245 1 3 _aLa hora de Jesús /
_cGastón Courtois ; [traducción de M.M. Muñoz Jiménez-Millas].
260 _aMadrid :
_bAtenas,
_c[1956] (
_fMaribel)
300 _a1 v. ;
_c20 cm.
490 1 _aAscesis ;
_v13
700 1 _aMuñoz Jiménez-Millás, M. M.
_984439
830 0 _aAscesis ;
_v13
_9182283
852 _aES-MaACL
_jC-11403
_bR.38709
999 _c49759
_d49759